| 000 | 00465cam a2200181Ii 4500 | ||
|---|---|---|---|
| 020 | _a9789048123827 | ||
| 020 | _a9048123828 | ||
| 040 | _cBTCTA | ||
| 082 | 4 | _a621 FAO 1991 C154 Or. | |
| 100 | 1 | _aGhosh, Tushar K. | |
| 245 | 1 | 0 | _aEnergy resources and systems / |
| 300 |
_avolume : _billustrations, maps ; _c25 cm |
||
| 650 | 0 | _aPower resources | |
| 650 | 0 | _aRenewable energy sources | |
| 650 | 0 | _aEnergy policy | |
| 700 | 1 | _aPrelas, Mark A., | |
| 942 | _cAEDBB | ||
| 999 |
_c18917 _d18917 |
||